PHARMACEUTICAL DISPENSING (Record no. 362547)

MARC details
000 -LEADER
fixed length control field 00394nam a2200169Ia 4500
008 - FIXED-LENGTH DATA ELEMENTS--GENERAL INFORMATION
fixed length control field 230516s9999 xx 000 0 und d
041 ## - LANGUAGE CODE
Language code of text/sound track or separate title eng
082 ## - DEWEY DECIMAL CLASSIFICATION NUMBER
Classification number 615.4
Item number NAN
100 ## - MAIN ENTRY--PERSONAL NAME
Personal name NAND KHAR
245 ## - TITLE STATEMENT
Title PHARMACEUTICAL DISPENSING
260 ## - PUBLICATION, DISTRIBUTION, ETC.
Place of publication, distribution, etc. DELHI
Name of publisher, distributor, etc. C.B.S. PUBLISHERS & DISTRUTORS
Date of publication, distribution, etc. 1995
300 ## - PHYSICAL DESCRIPTION
Extent 200
365 ## - TRADE PRICE
Tax rate 1 15
500 ## - GENERAL NOTE
General note PB
520 ## - SUMMARY, ETC.
Summary, etc. PH
650 ## - SUBJECT ADDED ENTRY--TOPICAL TERM
Topical term or geographic name entry element PHARMACEUTICS
Holdings
Withdrawn status Lost status Damaged status Not for loan Home library Current library Date acquired Source of acquisition Cost, normal purchase price Total Checkouts Full call number Barcode Date last seen Price effective from Koha item type
        College of Pharmacy, Navi Mumbai College of Pharmacy, Navi Mumbai 16/05/2023 S.K. KOTHARI PUNE 50.00   615.4 NAN PCM-B-294 16/05/2023 16/05/2023 Book